<?xml version="1.0" encoding="UTF-8"?>
<record
    xmlns:xsi="http://www.w3.org/2001/XMLSchema-instance"
    xsi:schemaLocation="http://www.loc.gov/MARC21/slim http://www.loc.gov/standards/marcxml/schema/MARC21slim.xsd"
    xmlns="http://www.loc.gov/MARC21/slim">

  <leader>02111nam a2200229 a 4500</leader>
  <controlfield tag="001">ASIN0415554020</controlfield>
  <controlfield tag="005">20170105102840.0</controlfield>
  <controlfield tag="008">130802s2010    xxu                 eng d</controlfield>
  <datafield tag="020" ind1=" " ind2=" ">
    <subfield code="a">0415554020 (hardcover)</subfield>
    <subfield code="c">$150.00</subfield>
  </datafield>
  <datafield tag="020" ind1=" " ind2=" ">
    <subfield code="a">9780415554022 (hardcover)</subfield>
  </datafield>
  <datafield tag="040" ind1=" " ind2=" ">
    <subfield code="a">0</subfield>
  </datafield>
  <datafield tag="082" ind1=" " ind2=" ">
    <subfield code="a">305.8</subfield>
  </datafield>
  <datafield tag="245" ind1="1" ind2="0">
    <subfield code="a">Pathways from ethnic conflict :</subfield>
    <subfield code="b">institutional redesign in divided societies /</subfield>
    <subfield code="c">John Coakley.</subfield>
  </datafield>
  <datafield tag="260" ind1=" " ind2=" ">
    <subfield code="a">[S.l.] :</subfield>
    <subfield code="b">Routledge,</subfield>
    <subfield code="c">2010.</subfield>
  </datafield>
  <datafield tag="300" ind1=" " ind2=" ">
    <subfield code="a">248 p. ;</subfield>
    <subfield code="c">25 cm.</subfield>
  </datafield>
  <datafield tag="490" ind1="1" ind2=" ">
    <subfield code="a">Routledge studies in nationalism and ethnicity.</subfield>
  </datafield>
  <datafield tag="520" ind1=" " ind2=" ">
    <subfield code="a">The book begins with an agenda-setting introduction which will provide an overview of the central question being addressed, such as the circumstances associated with the move towards a political settlement, the parameters of this settlement and the factors that have assisted in bringing it about. The remaining contributions will focus on a range of cases selected for their diversity and their capacity to highlight the full gamut of political approaches to conflict resolution. The cases vary in: the intensity of the conflict (from Belgium, where it is potential rather than actual, to Sri Lanka, where it has come to a recent violent conclusion); in the geopolitical relationship between the competing groups (from Cyprus, where they are sharply segregated geographically, to Northern Ireland, where they are intermingled); in the extent to which a stable constitutional accommodation has been reached (ranging from the Basque Country, with a large range of unresolved problems, to South Africa, which has achieved a significant level of institutional stability). This book ranges over the world&#x2019;s major geopolitical zones, including Asia, the Middle East, Africa and Europe and will be of interest to practitioners in the field of international security. This book was published as a special issue of Nationalism and Ethnic Politics .</subfield>
  </datafield>
  <datafield tag="700" ind1="1" ind2=" ">
    <subfield code="a">Coakley, John.</subfield>
  </datafield>
  <datafield tag="830" ind1=" " ind2="0">
    <subfield code="a">Routledge studies in nationalism and ethnicity.</subfield>
  </datafield>
  <datafield tag="856" ind1="4" ind2="0">
    <subfield code="3">Amazon.com</subfield>
    <subfield code="u">http://www.amazon.com/exec/obidos/ASIN/0415554020/chopaconline-20</subfield>
  </datafield>
  <datafield tag="942" ind1=" " ind2=" ">
    <subfield code="2">ddc</subfield>
    <subfield code="c">BK</subfield>
  </datafield>
  <datafield tag="999" ind1=" " ind2=" ">
    <subfield code="c">13828</subfield>
    <subfield code="d">13828</subfield>
  </datafield>
  <datafield tag="952" ind1=" " ind2=" ">
    <subfield code="0">0</subfield>
    <subfield code="1">0</subfield>
    <subfield code="4">0</subfield>
    <subfield code="7">0</subfield>
    <subfield code="8">NFIC</subfield>
    <subfield code="a">CIPS</subfield>
    <subfield code="b">CIPS</subfield>
    <subfield code="c">GEN</subfield>
    <subfield code="d">2013-08-01</subfield>
    <subfield code="l">0</subfield>
    <subfield code="o">305.8 PAT 2010</subfield>
    <subfield code="p">CIPS0000113</subfield>
    <subfield code="r">2013-08-02</subfield>
    <subfield code="w">2013-08-02</subfield>
    <subfield code="y">BK</subfield>
  </datafield>
</record>
